A fairly good time

محفوظ في:
التفاصيل البيبلوغرافية
المؤلف الرئيسي: Gallant, Mavis
التنسيق: كتاب
اللغة:Undetermined
منشور في: Toronto, Canadá Macmillan of Canadá 1983
الموضوعات:
الوسوم: إضافة وسم
لا توجد وسوم, كن أول من يضع وسما على هذه التسجيلة!

MARC

LEADER 00000nam a2200000Ia 4500
008 170316s9999 xx 000 0 und d
040 |a cru BVZT 
090 |a 818 G-3a 
100 |a Gallant, Mavis 
245 2 |a A fairly good time 
260 |a Toronto, Canadá 
260 |b Macmillan of Canadá 
260 |c 1983 
300 |a 308 páginas 
650 |a LITERATURA CANADIENSE 
999 |c 6448  |d 6448 
942 |c 15 D  |h 818 G-3a  |2 z